01307cam a2200313Mi 4500001001300000005001700013008004100030016001400071020001800085020001500103035002100118040004400139041000800183050002200191245011800213250002200331260002800353300005200381505033400433546002200767650004000789650001800829650003700847650003100884700002100915700002100936700001500957700002100972ocn88917886820171107074813.0171107s2010 enkab b 001 0 eng d7 a015506141 a9781856178273 a1856178277 a(OCoLC)889178868 aCo-BoUCMbspacSaul NiñodSaul Niño0 aspa 4aHT166b.P817 201000aPublic places - urban spacesbthe dimensions of urban designcMathew Carmona, Steve Tiesdell, Tim Heath, Taner Oc aSegunda edición aLondonbRoutledgec2010 aix, 394 páginasbilustraciones, fotografías0 aUrban design today -- Urban change -- Contexts for urban design -- The morphological dimension -- The perceptual dimension -- The social dimension -- The visual dimension -- The functional dimension -- The temporal dimension -- The development process -- The control process -- The communication process -- Holistic urban design. aTexto en inglés 7aArquitectura del paisaje xDiseño 7aArquitectura  7aArquitectura del paisaje urbano  7aPlaneación de la ciudad 1 aCarmona, Matthew1 aTiesdell, Steven1 aHeath, Tim1 aOc, Tanerd1944-